000 00605nam a2200181Ia 4500
999 _c39553
_d39553
003 GCL
005 20240530103444.0
008 140319s9999 xx 000 0 ara d
040 _aGCL /
_cGCL
082 0 4 _a191
_bس أ
100 0 _aسعيد بنسعيد
245 1 0 _aالايديولوجيا والحداثة :
_bقراءات فى الفكر العربى المعاصر /
_cسعيد بنسعيد
260 _a[S.N] :
_bالمركز الثقافى العربى ،
_c1987
300 _a120 ص. ؛
_c24 سم.
650 0 4 _aالفلسفة
650 0 4 _aالفلسفة الحديثة
942 _2ddc
_cBK